000 00622nam a2200181Ia 4500
008 151018s9999 xx 000 0 und d
082 _bRBASDV6741
_a891.463
100 _aवि आ बुवा
245 _aइकडे गंगू तिकडे अंबू
250 _b1
260 _bभारतीय प्रकाशन संस्था
_c1968
300 _a100
600 _aवि आ बुवा
630 _aइकडे गंगू तिकडे अंबू
700 _aवि आ बुवा
730 _aइकडे गंगू तिकडे अंबू
942 _cBOOK
999 _c1009112
_d1009109